000 00445nam a2200169Ia 4500
008 240729s9999 xx 000 0 und d
022 _a2055-5008
245 0 _anpj Biofilms and Microbiomes
260 _aUnited Kingdom
260 _bNature Portfolio
650 _a Microbial ecology
650 _a Microbiology
650 _aScience
856 _uhttps://doaj.org/toc/c2f560adb7ae427ea563fa6508f44aa8
942 _2ddc
942 _cDOAJEJ
999 _c74181
_d74181
945 _a1
_bMadushi Gamage
_c1
_dMadushi Gamage